Countries with multiple coastlines - Statistics

General Stats
  • This quiz has been taken 1,908 times
    1,800 since last reset
  • The average score is 20 of 30
Answer Stats
No of continental coastlines Country % Correct
8 Russia
97%
4 USA
97%
3 Canada
93%
4 France
91%
6 Spain
90%
2 Mexico
87%
2 Panama
80%
2 Turkey
80%
3 Saudi Arabia
78%
2 Egypt
76%
2 Costa Rica
74%
2 Nicaragua
74%
2 Honduras
71%
2 Colombia
70%
2 Germany
68%
2 Guatemala
68%
2 Thailand
64%
2 Israel
57%
4 Morocco
57%
2 Oman
57%
2 North Korea
54%
2 UAE
50%
3 Ukraine
50%
2 Croatia
45%
2 Angola
42%
2 Netherlands
41%
2 Poland
41%
2 Senegal
41%
2 Belgium
33%
2 Lithuania
32%
No matching quizzes found
Score Distribution
Percent of People with Each Score
Percentile by Number Answered
Your Score History
You have not taken this quiz since the last reset